000 00635nam a2200217 a 4500
001 BRCA_3638
005 20190320204349.0
008 260809s1934----sp-a---###---#000-0#spa-#
041 _aspa
044 _asp
050 4 _aNK4524
_b.A49 1934
100 1 _aAguilera, Emiliano M.
_99437
245 1 0 _aLa porcelana del Buen Retiro en el Museo Municipal de Madrid
_cEmiliano M. Aguilera.
260 _aMadrid
_bArtes Gráficas Municipales
_c1934
300 _a19 p.
_bil., 12 retratos.
_c24 cm.
500 _aB306
650 1 4 _aPorcelana
_xMadrid
_99438
650 1 4 _aGalerías y museos
_zEspaña
_97331
902 _aGFM
942 _2lcc
_cB
999 _c3373
_d3373